00803nam a2200217Ia 4500003000400000005001700004008004100021020001800062040001800080041000800098082002000106100002000126245014700146250001200293260004400305300002500349650007000374650005900444650006000503700002200563OSt20251128162520.0210716s2018 xx 000 0 und d a9781787283572 cAIMIT LIBRARY aeng a006.3121bKAST aKastrun, Tomaz. aSQL server 2017 machine learning services with R : bdata exploration modeling and advanced analytics /cBy Tomaz Kastrun and Julie Koesmarno. a1st ed. aMumbai :bPackt Publishing Ltd ,c2018. av,323p. ;bPBc24 cm aIntroduction to R and SQL server using R prior to SQL server 2016 aManaging machine learning services for SQL server 2017 aOperationalizing R code integrating an existing R model aKoesmarno, Julie.